| 000 | 00903nam a2200253Ia 4500 | ||
|---|---|---|---|
| 001 | 114293 | ||
| 003 | DR-UNIBE | ||
| 005 | 20260115114710.0 | ||
| 008 | 260114b2008 dr ||||| |||| 00| 0 spa d | ||
| 020 | _a9993468738 | ||
| 040 |
_aBIBLIOTECA UNIBE _cBIBLIOTECA UNIBE _bspa _erda |
||
| 041 | _aspa | ||
| 082 | _aF-RD 6029 | ||
| 100 |
_aLuciano Pichardo, Rafael, _d1939-2024 _930823 _eautor |
||
| 245 | 1 | 0 |
_aConsultor de jurisprudencia constitucional / _cRafael Luciano Pichardo |
| 260 |
_aSanto Domingo : _bUniversidad del Caribe, _c2008 |
||
| 300 | 4 | _a52 páginas | |
| 504 | _a Incluye bibliografía | ||
| 650 | 7 |
_2lemb _aJurisprudencia _xRecopilaciones, repertorios, etc. _zRepública Dominicana _9201618 |
|
| 650 | 7 |
_2lemb _aOpiniones consultivas _944311 |
|
| 651 | 7 |
_2lemb _aRepública Dominicana _xDerecho constitucional _xJurisprudencia _9192048 |
|
| 942 |
_cMX _2ddc |
||
| 951 | _a20061022 10:18:00 | ||
| 999 |
_c114293 _d114293 |
||